Estadísticas para Monarquías de Europa

Haz click aquí para intentar la prueba.

Estadísticas generales

  • Esta prueba ha sido intentada 9.239 veces
  • La puntuación promedio es 9 de 12

Estadísticas de respuestas

País% Correcto
España
99%
Reino Unido
96%
Suecia
85%
Noruega
84%
Dinamarca
80%
Países Bajos
79%
Bélgica
75%
Mónaco
72%
Luxemburgo
67%
Andorra
59%
Liechtenstein
59%
Ciudad del Vaticano
54%

Distribución de puntuación

Porcentaje por número respondido

Porcentaje de gente con cada puntuación

Historial de tus puntuaciones

No has intentado esta prueba.